Derecho privado europeo.
Na minha lista:
| Autor principal: | |
|---|---|
| Outros Autores: | |
| Formato: | Livro |
| Idioma: | espanhol |
| Publicado em: |
Madrid, España:
Fundación Cultural del Notariado,
1996.
|
| coleção: | Colección Clásicos Contemporáneos.
|
| Assuntos: | |
| Tags: |
Adicionar Tag
Sem tags, seja o primeiro a adicionar uma tag!
|
MARC
| LEADER | 00000nam a2200000 a 4500 | ||
|---|---|---|---|
| 001 | UCP4888 | ||
| 003 | CL-VaPUC | ||
| 005 | 20220822114340.0 | ||
| 008 | 990821e19960000SP |||||||||||||||||spa|d | ||
| 999 | |c 282781 |d 282779 | ||
| 020 | |a 84-87161-81-2 (Obra completa) | ||
| 020 | |a 84-87161-82-0 (Tomo I) | ||
| 020 | |a 84-87161-83-9 (Tomo II) | ||
| 040 | |c Pontificia Universidad Católica de Valparaíso | ||
| 082 | 0 | 4 | |a 346 COI 1996 |2 21 |
| 100 | 0 | |a Coing, Helmut |e autor |9 432862 | |
| 245 | 1 | 0 | |a Derecho privado europeo. |
| 260 | |a Madrid, España: |b Fundación Cultural del Notariado, |c 1996. | ||
| 300 | |a 2 Tomos. | ||
| 490 | 0 | |a Colección Clásicos Contemporáneos. | |
| 500 | |a c.2 Tomo I: Donación Familia Prof. Alejandro Guzmán Brito. c.2 Tomo II: Donación Familia Prof. Alejandro Guzmán Brito. | ||
| 505 | |a v.II: Derecho Común más antiguo (1500-1800). v.II: El Siglo XIX. | ||
| 583 | |a last modification |c 19990821 00:00:00 |k Rodrigo Vera | ||
| 650 | 0 | |a Derecho natural |9 255041 | |
| 650 | 0 | |a Derecho privado |9 258243 | |
| 650 | 0 | |a Derechos reales |9 257708 | |
| 650 | 0 | |a Derecho sucesorio |9 255015 | |
| 650 | 0 | |a Fuentes del derecho |9 255162 | |
| 700 | |a Pérez Martín, Antonio |e traducción |e apostillas |9 866182 | ||
| 942 | |c BK |2 ddc |n 0 | ||
| 945 | |d 19990821 00:00:00 |a vberengu | ||
| 952 | |0 0 |1 0 |4 0 |6 346_000000000000000_COI_1996 |7 0 |8 DER_HIS |9 325176 |a BIBDER |b BIBDER |d 2019-11-20 |h v.1 |i 3536416 |l 4 |m 2 |o 346 COI 1996 |p 3536416 |r 2024-10-03 |s 2024-09-05 |w 2019-11-20 |x Ubicación 4to Piso |y BK |z Estos recursos deben solicitarse con anticipación |k DER | ||
| 952 | |0 0 |1 0 |4 0 |6 346_000000000000000_COI_1996 |7 0 |8 DER_HIS |9 325177 |a BIBDER |b BIBDER |d 2019-11-20 |h v.2 |i 3536424 |l 1 |o 346 COI 1996 |p 3536424 |r 2023-01-25 |s 2020-03-19 |w 2019-11-20 |x Ubicación 4to Piso |y BK |z Estos recursos deben solicitarse con anticipación |k DER | ||